000 00357nam a2200157Ia 4500
008 171216s9999 xx 000 0 und d
020 _a818522207X
040 _bHIN
041 _aHINDI
082 _aH ALI
100 _aDr.Zaid Azad Ali
245 0 _aVyvaharik Urdu-Hindi Shabda Kosh
260 _bLipi Prakashan
300 _g277
590 _cRRRLF
999 _c155283
_d155283